LDR 00945naa#a2200253#i#450# 001 EN\\bibl\125585 005 20260630070409.2 011 ## _a2075-1338 100 ## _a20260610b2026####ek#y0engy0150####ca 101 0# _aRUS 102 ## _aRU 200 1# _aComparison of Scintillation Cocktails «Ultima Gold AB» and «LIRA-1» in Liquid Scintillation Spectrometry of Tritium _eJournal article 210 1# _aMoscow _cScientific-Production Enterprise “Dosa” _d2026 215 ## _a12 с. 608 ## _aJournal article _2local 675 ## _aСчетчики с фотоэлектронными умножителями (ФЭУ). 539.1.074.6 _aРеактивы, индикаторы и т.д. для анализа. 543-4 _zRUS 700 #1 _aEremina _gN. A. 700 #1 _aMihaylov _gA. V. 700 #1 _aKondakov _gD. A. 700 #1 _aBarchukov _gV. G. 700 #1 _aSurin _gP. P. 700 #1 _aKabanov _gD. I. 700 #1 _aLukashenko _gS. N. 856 4# _adoza.editorum.ru _u